| 000 | 00813nas a2200265 4500 | ||
|---|---|---|---|
| 001 | BR0802389 | ||
| 003 | BR-BrBNA | ||
| 005 | 20231205112000.0 | ||
| 007 | ta | ||
| 008 | 230509b bl.|||p| |||| 00| 00por d | ||
| 040 |
_aBR-BrBNA _bpor _cBiblioteca Nacional de Agricultura |
||
| 041 | _a(En) | ||
| 072 | _aH10; L20; L53 | ||
| 100 | 1 | _aPanizzi, A.R. | |
| 100 | 1 | _aSantos, C.H. | |
| 245 | 1 | _aUnusual oviposition on the body of conspecifics by Phytophagous heteropterans | |
| 650 | _aINSETO | ||
| 650 | _aPOSTURA | ||
| 650 | _aCOMPORTAMENTO ANIMAL | ||
| 650 | _aHETEROPTERO | ||
| 650 | _aPRAGA DE PLANTA | ||
| 773 | 0 |
_tNeotropical Entomology (Brazil) _xISSN 1519-566X _g(Sep 2001), v. 30(3) p. 4712 illus.; 1 table; 6 ref. _wBR0802389 |
|
| 909 |
_a202311 _bLúcia _c55 _dLúcia Elande |
||
| 942 |
_2AGRIS _n0 _cANA |
||
| 999 |
_c195459 _d195459 |
||